Riadenie udalostného systému

Uložené v:
Podrobná bibliografia
Hlavný autor: Belešová, Patrícia (Autor)
Ďalší autori: Vitko, Anton (Vedúci práce)
Médium: Rukopis Kniha
Jazyk:Slovak
Vydavateľské údaje: 2017
Predmet:
On-line prístup:http://is.stuba.sk/zp/portal_zp.pl?podrobnosti=131008
Tagy: Pridať tag
Žiadne tagy, Buďte prvý, kto otaguje tento záznam!

MARC

LEADER 00000ntm a22000003a 4500
001 stuzp61070
003 SK-STU
005 20170912092653.3
007 ta
008 150427s2015----xo-----f-mn---000-0-slo-d
040 |a STU  |b slo 
041 0 |a slo 
044 |a xo 
100 1 |a Belešová, Patrícia  |u 031000  |4 aut  |U FEI Fakulta elektrotechniky a informatiky  |T FEI Ústav robotiky a kybernetiky  |X 43041  |U E011  |Y 356  |7 43041 
242 0 1 |a Control of event system  |y eng 
245 1 0 |a Riadenie udalostného systému 
260 |c 2017 
300 |a 56 s., príl.,  |b CD-ROM 
650 4 |a udalostné systémy  |2 slo 
650 4 |a diskrétne udalostné systémy  |2 slo 
650 4 |a Petriho siete  |2 slo 
650 4 |a supervízor  |2 slo 
650 4 |a rebríkové diagramy  |2 slo 
650 4 |a riadenie udalostných systémov  |2 slo 
650 4 |a discrete event system  |2 eng 
650 4 |a Petri nets  |2 eng 
650 4 |a supervisor  |2 eng 
650 4 |a ladder diagrams  |2 eng 
650 4 |a control of discrete event systems  |2 eng 
700 1 |a Vitko, Anton  |u 031000  |k Z1  |4 ths  |U FEI Fakulta elektrotechniky a informatiky  |T FEI Ústav robotiky a kybernetiky  |X 2394  |U E011  |Y 356  |7 A000002394 
856 4 |u http://is.stuba.sk/zp/portal_zp.pl?podrobnosti=131008 
996 |b 284EP11802  |c E*DIPL- 11802  |l EE31  |s P  |a 0  |w stuzp61070_0001